The O''Leary Series: Microsoft Office Word 2003 Brief

Na minha lista:
Detalhes bibliográficos
Autor principal:  O''Leary, Timothy J
Formato: Sách
Idioma:Undetermined
Publicado em:  McGraw-Hill Technology Education  2004
Assuntos:
Tags: Adicionar Tag
Sem tags, seja o primeiro a adicionar uma tag!
Thư viện lưu trữ: Trung tâm Thư viện - Trường Đại học Công nghiệp TP. Hồ Chí Minh
LEADER 00552nam a2200157Ia 4500
001 UIH_05735
008 231011s9999 xx 000 0 und d
082 |a  005.3 
100 |a  O''Leary, Timothy J 
245 0 |a  The O''Leary Series: Microsoft Office Word 2003 Brief 
245 0 |c  O''Leary, Timothy J 
260 |b  McGraw-Hill Technology Education 
260 |c  2004 
650 |a  Microsoft office(Chương trình máy tính);  
927 |a Sách 
980 |a Trung tâm Thư viện - Trường Đại học Công nghiệp TP. Hồ Chí Minh